I Want to Write You a Song - One Direction (All Lyrics) - Statistics

General Stats
  • This quiz has been taken 107 times
  • The average score is 148 of 186
Answer Stats
Lyrics % Correct
a
100%
I
100%
you
100%
so
98%
song
98%
when
98%
write
98%
are
93%
wanna
93%
one
91%
as
90%
your
90%
go
88%
to
88%
and
84%
that
84%
can
83%
my
83%
sweet
83%
me
81%
is
79%
gone
76%
heart
76%
the
76%
beautiful
74%
boat
74%
do
74%
build
72%
it
72%
lend
72%
get
71%
all
69%
make
69%
remember
69%
voice
69%
coat
66%
from
66%
sing
66%
that's
66%
everything
64%
i'm
64%
strong
64%
anytime
62%
cheek
62%
listen
62%
need
62%
soft
62%
along
60%
know
60%
have
59%
feeling
57%
gonna
57%
just
57%
place
57%
back
55%
free
55%
sink
55%
won't
55%
cold
52%
for
52%
of
52%
think
52%
will
52%
world
50%
giving
48%
ooh
43%
ooh,
43%
pain
40%
hiding
38%
hint
36%
No matching quizzes found
Score Distribution
Percent of People with Each Score
Percentile by Number Answered
Your Score History
You have not taken this quiz